| 000 | 00334nam a22001457a 4500 | ||
|---|---|---|---|
| 999 |
_c524540 _d524540 |
||
| 003 | NUST | ||
| 020 | _c(Hbk) | ||
| 038 | _aM.Shaban | ||
| 082 |
_a891.433 _bRAH |
||
| 100 |
_aRaheel, Ashiq _914995 |
||
| 245 |
_aNavekla suraj / _cAshiq Raheel |
||
| 260 |
_aLahore -: _bChetna Parkashan, _c2005. |
||
| 300 | _a120 p. ; | ||
| 942 |
_2ddc _cBK |
||